Corporate social responsibility and sustainable development in a changing world (Record no. 39786)

MARC details
000 -LEADER
fixed length control field 00495nam a2200181Ia 4500
020 ## - INTERNATIONAL STANDARD BOOK NUMBER
ISBN 9789785637380
050 ## - CALL MARK
Classification number HC 79.E5 .A84/
100 ## - STATEMENT OF RESPONSIBILITY--MAIN AUTHOR NAME
Personal name Asemah, Ezekiel S.
245 #0 - TITLE STATEMENT
Title Corporate social responsibility and sustainable development in a changing world
260 ## - PUBLICATION, DISTRIBUTION, ETC. (IMPRINT)
Place of publication Enugu-Nigeria
260 ## - PUBLICATION, DISTRIBUTION, ETC. (IMPRINT)
Name of publisher Franklead published company
260 ## - PUBLICATION, DISTRIBUTION, ETC. (IMPRINT)
Year of publication 2018
300 ## - PHYSICAL DESCRIPTION
Number of Pages 184 p
650 ## - SUBJECT ADDED ENTRY--TOPICAL TERM
Topical Term Enugu-Nigeria
942 ## - ADDED ENTRY ELEMENTS (KOHA)
Koha item type Books
Holdings
Withdrawn status Lost status Source of classification or shelving scheme Damaged status Not for loan Permanent Location Current Location Shelving location Date acquired Accession Number Price effective from Koha item type
    Library of Congress Classification     NILE UNIVERSITY OF NIGERIA - MAIN LIBRARY NILE UNIVERSITY OF NIGERIA - MAIN LIBRARY Items on shelf 06/03/2025 0192222 06/03/2025 Books
    Library of Congress Classification     NILE UNIVERSITY OF NIGERIA - MAIN LIBRARY NILE UNIVERSITY OF NIGERIA - MAIN LIBRARY Items on shelf 06/03/2025 0192294 06/03/2025 Books